|
|
|
|
| LEADER |
00000nam0a2200000 4500 |
| 001 |
26758 |
| 005 |
20231101205741.0 |
| 010 |
|
|
|a 579890184X
|
| 035 |
|
|
|a (RuTPU)RU\TPU\book\27002
|
| 035 |
|
|
|a BOOK00027077
|
| 090 |
|
|
|a 26758
|
| 100 |
|
|
|a 20011209d2000 km y0rusy50 ca
|
| 101 |
0 |
|
|a rus
|
| 102 |
|
|
|a RU
|
| 105 |
|
|
|a a z 001zy
|
| 200 |
1 |
|
|a Разработка прикладных программ для Windows в С++Builder 5
|f А. Я. Архангельский
|
| 210 |
|
|
|a Москва
|c Бином
|d 2000
|
| 215 |
|
|
|a 256 с.
|c ил.
|
| 225 |
1 |
|
|a Все о C++Builder 5
|
| 320 |
|
|
|a Библиогр.: с. 256.
|
| 606 |
|
|
|a Среда разработки C++ Builder
|2 stltpush
|3 (RuTPU)RU\TPU\subj\67340
|9 83183
|
| 610 |
1 |
|
|a информатика
|
| 610 |
1 |
|
|a пакеты прикладных программ
|
| 610 |
1 |
|
|a C++Builder 5
|
| 610 |
1 |
|
|a приложения
|
| 610 |
1 |
|
|a Windows
|
| 675 |
|
|
|a 681.3.068
|v 3
|
| 700 |
|
1 |
|a Архангельский
|b А. Я.
|g Алексей Яковлевич
|
| 801 |
|
0 |
|a RU
|c 20011209
|g PSBO
|
| 801 |
|
2 |
|a RU
|b 63413507
|c 20180131
|g PSBO
|
| 942 |
|
|
|c BK
|